[Event "RUS-ch Men Rapid 2019"]
[Site "Sochi"]
[Date "2019.10.15"]
[Round "1.27"]
[White "Golubov, Saveliy"]
[Black "Onischenko, Leonid"]
[Result "1-0"]
[WhiteElo "2518"]
[BlackElo "1962"]
[Annotator "TA"]
[PlyCount "55"]
[EventDate "2019.10.15"]
[EventType "swiss"]
[EventCountry "RUS"]
[SourceTitle "playchess.com"]
[Source "ChessBase"]
[SourceQuality "1"]

{[%evp 9,55,19,68,61,62,60,74,76,88,69,112,107,112,80,105,104,112,112,100,38,45,52,110,105,114,112,116,122,200,196,209,201,210,206,211,222,312,304,290,248,256,247,316,241,246,209,897,965]} 1. d4 Nf6 2. Nf3 d5 3. c4 e6 4. Nc3 dxc4 5. e4 a6 6. Bxc4 {D24: Queen's Gambit Accepted: 3 Nf3 Nf6 4 Nc3} b5 7. Bd3 Bb7 8. Qe2 {White is better.} Be7 (8... Nbd7 9. O-O c5 10. e5 Nd5 11. Ne4 cxd4 12. Bg5 Qb8 13. a3 h6 {½-½ (92) Esipenko,A (2564)-Mamedyarov,S (2799) Moscow 2017}) 9. O-O h6 $146 ({Predecessor:} 9... b4 10. Na4 Nbd7 11. Bg5 h6 12. Bxf6 Bxf6 13. Rac1 O-O {1-0 (38) Ruck,R (2533)-Umudova,N (2214) Belgium 2018}) 10. Bf4 Nbd7 11. Rfd1 Nh5 12. Be3 Nhf6 13. a3 O-O 14. h3 (14. Bc2 $16) 14... c5 $14 15. dxc5 Bxc5 {[#]} (15... Nxc5 $14 16. Bxb5 Qc8) 16. Bxb5 $1 $16 {[%mdl 512]} Bxe3 (16... axb5 17. Bxc5) 17. Bxd7 $1 Ba7 {[#]} 18. Bxe6 $1 {[%mdl 576] Discovered Attack} Qe7 (18... Qe8 $16) (18... fxe6 19. Rxd8) 19. Bd5 $1 $18 Nxd5 20. Nxd5 Bxd5 21. Rxd5 Rfe8 22. e5 Rac8 (22... a5 $142 23. Rad1 Red8) 23. Rad1 ({Resist} 23. Qxa6 $6 Rc2 $16) 23... Qb7 24. b4 Bb8 25. Qd3 Qc6 26. Qf5 Qc4 27. Qb1 Qf4 $2 (27... Qc3 28. a4 Bxe5) 28. R5d4 {Accuracy: White = 67%, Black = 43%.} 1-0

[Event "RUS-ch Men Rapid 2019"]
[Site "Sochi"]
[Date "2019.10.15"]
[Round "1.28"]
[White "Ponikarovsky, Alexey"]
[Black "Vastrukhin, Oleg"]
[Result "0-1"]
[WhiteElo "1962"]
[BlackElo "2512"]
[Annotator "ChessBase"]
[PlyCount "94"]
[EventDate "2019.10.15"]
[EventType "swiss"]
[EventCountry "RUS"]
[SourceTitle "playchess.com"]
[Source "ChessBase"]
[SourceQuality "1"]
[TimeControl "900+10"]

1. c4 {[%emt 0:00:29]} g6 {[%emt 0:00:00]} 2. Nc3 {[%emt 0:00:02]} Bg7 {[%emt 0:00:00]} 3. g3 {[%emt 0:00:01]} c5 {[%emt 0:00:00]} 4. Bg2 {[%emt 0:00:06]} Nc6 {[%emt 0:00:00]} 5. e4 {[%emt 0:00:40]} e6 {[%emt 0:00:01]} 6. Nge2 {[%emt 0:00:02]} Nge7 {[%emt 0:00:02]} 7. f4 {[%emt 0:01:12]} O-O {[%emt 0:00:18]} 8. O-O {[%emt 0:00:12]} a6 {[%emt 0:00:23]} 9. d3 {[%emt 0:00:52]} d6 {[%emt 0:00:03]} 10. Be3 {[%emt 0:00:09]} Nd4 {[%emt 0:00:04]} 11. Bf2 {[%emt 0:00:11]} Nec6 {[%emt 0:00:26]} 12. Nxd4 {[%emt 0:00:17]} Bxd4 {[%emt 0:01:46]} 13. Bxd4 {[%emt 0:00:43]} cxd4 {[%emt 0:00:05]} 14. Ne2 {[%emt 0:00:06]} e5 {[%emt 0:00:03]} 15. h3 {[%emt 0:01:18]} Kg7 {[%emt 0:00:26]} 16. Kh2 {[%emt 0:00:03]} h5 {[%emt 0:00:37]} 17. f5 {[%emt 0:00:20]} Qg5 {[%emt 0:00:20]} 18. h4 {[%emt 0:00:37]} Qh6 {[%emt 0:00:04]} 19. f6+ {[%emt 0:01:39]} Kh7 {[%emt 0:00:03]} 20. Ng1 {[%emt 0:00:01]} Rg8 {[%emt 0:01:30]} 21. Bh3 {[%emt 0:01:14]} g5 {[%emt 0:00:05]} 22. Bxc8 {[%emt 0:00:09]} Raxc8 {[%emt 0:00:01]} 23. Nh3 {[%emt 0:00:10]} gxh4 {[%emt 0:01:30]} 24. gxh4 {[%emt 0:00:04]} Rg4 {[%emt 0:00:01]} 25. Ng5+ {[%emt 0:00:52]} Kg8 {[%emt 0:00:02]} 26. Kh3 {[%emt 0:00:13]} Kf8 {[%emt 0:02:02]} 27. Qf3 {[%emt 0:01:23]} Ke8 {[%emt 0:01:37]} 28. Qf5 {[%emt 0:00:56]} Rc7 {[%emt 0:00:00]} 29. a3 {[%emt 0:00:43]} Nb8 {[%emt 0:01:20]} 30. Rf3 {[%emt 0:00:38]} Nd7 {[%emt 0:00:07]} 31. b4 {[%emt 0:00:54]} Nf8 {[%emt 0:00:01]} 32. Rh1 {[%emt 0:02:53]} Ng6 {[%emt 0:00:12]} 33. Ne6 {[%emt 0:00:06]} Rd7 {[%emt 0:02:20]} 34. Ng7+ {[%emt 0:00:12]} Kd8 {[%emt 0:00:01]} 35. Nxh5 {[%emt 0:00:44]} Rxh4+ {[%emt 0:00:10]} 36. Kg2 {[%emt 0:00:03]} Qd2+ {[%emt 0:01:12]} 37. Rf2 {[%emt 0:00:10]} Qxd3 {[%emt 0:00:02]} 38. Qxg6 {[%emt 0:00:27]} fxg6 {[%emt 0:00:03]} 39. Rxh4 {[%emt 0:00:04]} Qxc4 {[%emt 0:01:27]} 40. Ng7 {[%emt 0:00:11]} d3 {[%emt 0:00:03]} 41. Rh8+ {[%emt 0:00:04]} Kc7 {[%emt 0:00:00]} 42. Ne8+ {[%emt 0:00:03]} Kb6 {[%emt 0:00:01]} 43. Nxd6 {[%emt 0:00:09]} Rxd6 {[%emt 0:00:23]} 44. f7 {[%emt 0:00:02]} Qxe4+ {[%emt 0:00:04]} 45. Kg3 {[%emt 0:00:05]} Qe3+ {[%emt 0:00:03]} 46. Kg2 {[%emt 0:00:08]} d2 {[%emt 0:00:20]} 47. f8=Q {[%emt 0:00:15]} d1=Q {[%emt 0:00:02]} 0-1

[Event "RUS-ch Men Rapid 2019"]
[Site "Sochi"]
[Date "2019.10.15"]
[Round "1.30"]
[White "Terzyan, Nazar"]
[Black "Belozerov, Andrei"]
[Result "0-1"]
[WhiteElo "1946"]
[BlackElo "2506"]
[Annotator "ChessBase"]
[PlyCount "128"]
[EventDate "2019.10.15"]
[EventType "swiss"]
[EventCountry "RUS"]
[SourceTitle "playchess.com"]
[Source "ChessBase"]
[SourceQuality "1"]
[TimeControl "900+10"]

1. e4 {[%emt 0:00:00]} c6 {[%emt 0:00:00]} 2. Nc3 {[%emt 0:00:05]} d5 {[%emt 0:00:00]} 3. g3 {[%emt 0:00:30]} e5 {[%emt 0:00:03]} 4. Bg2 {[%emt 0:00:13]} Nf6 {[%emt 0:00:05]} 5. d3 {[%emt 0:00:25]} Bb4 {[%emt 0:00:06]} 6. Bd2 {[%emt 0:00:33]} O-O {[%emt 0:00:04]} 7. a3 {[%emt 0:04:45]} Ba5 {[%emt 0:00:04]} 8. b4 {[%emt 0:00:47]} Bb6 {[%emt 0:00:32]} 9. Nf3 {[%emt 0:00:27]} Re8 {[%emt 0:00:08]} 10. O-O {[%emt 0:00:35]} Bg4 {[%emt 0:00:18]} 11. h3 {[%emt 0:00:30]} Bh5 {[%emt 0:00:01]} 12. g4 {[%emt 0:02:26]} Bg6 {[%emt 0:00:01]} 13. Re1 {[%emt 0:03:34]} dxe4 {[%emt 0:01:04]} 14. Nxe4 {[%emt 0:00:17]} Nxe4 {[%emt 0:01:09]} 15. dxe4 {[%emt 0:00:03]} Nd7 {[%emt 0:00:02]} 16. Bc3 {[%emt 0:00:06]} Qe7 {[%emt 0:01:02]} 17. Qe2 {[%emt 0:00:06]} Rad8 {[%emt 0:00:10]} 18. Rad1 {[%emt 0:00:06]} f6 {[%emt 0:00:12]} 19. Nh4 {[%emt 0:00:24]} Nf8 {[%emt 0:00:02]} 20. Nf5 {[%emt 0:00:10]} Qc7 {[%emt 0:00:08]} 21. a4 {[%emt 0:00:27]} a5 {[%emt 0:00:34]} 22. Rxd8 {[%emt 0:00:53]} Rxd8 {[%emt 0:00:25]} 23. bxa5 {[%emt 0:00:13]} Bxa5 {[%emt 0:00:09]} 24. Qc4+ {[%emt 0:00:25]} Kh8 {[%emt 0:03:49]} 25. Bxa5 {[%emt 0:00:15]} Qxa5 {[%emt 0:00:02]} 26. Rb1 {[%emt 0:00:05]} Rd7 {[%emt 0:00:20]} 27. Bf3 {[%emt 0:00:50]} Bf7 {[%emt 0:00:28]} 28. Qb4 {[%emt 0:00:03]} Qxb4 {[%emt 0:00:38]} 29. Rxb4 {[%emt 0:00:03]} Ne6 {[%emt 0:00:09]} 30. Be2 {[%emt 0:00:21]} g6 {[%emt 0:00:24]} 31. Ne3 {[%emt 0:00:11]} Nf4 {[%emt 0:00:37]} 32. Bf1 {[%emt 0:00:07]} Kg7 {[%emt 0:01:01]} 33. Kh2 {[%emt 0:00:17]} Be6 {[%emt 0:00:20]} 34. Kg3 {[%emt 0:00:04]} Kf7 {[%emt 0:00:22]} 35. Bc4 {[%emt 0:00:16]} Ke7 {[%emt 0:00:06]} 36. Bxe6 {[%emt 0:00:07]} Nxe6 {[%emt 0:00:03]} 37. a5 {[%emt 0:00:16]} Kd6 {[%emt 0:00:13]} 38. Rb6 {[%emt 0:00:10]} Nc5 {[%emt 0:00:23]} 39. Kf3 {[%emt 0:00:07]} Kc7 {[%emt 0:00:06]} 40. Rb4 {[%emt 0:00:05]} Rd2 {[%emt 0:01:07]} 41. Rc4 {[%emt 0:00:04]} Kd6 {[%emt 0:00:13]} 42. Rb4 {[%emt 0:00:08]} Kc7 {[%emt 0:01:00]} 43. Rc4 {[%emt 0:00:01]} Nd7 {[%emt 0:00:18]} 44. Nd5+ {[%emt 0:00:28]} Kd6 {[%emt 0:00:07]} 45. Nb4 {[%emt 0:00:03]} Nc5 {[%emt 0:00:32]} 46. Ke3 {[%emt 0:00:12]} Rd1 {[%emt 0:00:01]} 47. Nd3 {[%emt 0:00:18]} Nxd3 {[%emt 0:00:16]} 48. cxd3 {[%emt 0:00:02]} Rh1 {[%emt 0:00:02]} 49. a6 {[%emt 0:00:15]} bxa6 {[%emt 0:01:33]} 50. Ra4 {[%emt 0:00:03]} Rxh3+ {[%emt 0:00:06]} 51. f3 {[%emt 0:00:01]} h5 {[%emt 0:01:28]} 52. gxh5 {[%emt 0:00:04]} Rxh5 {[%emt 0:00:01]} 53. Rxa6 {[%emt 0:00:03]} f5 {[%emt 0:00:01]} 54. exf5 {[%emt 0:00:17]} gxf5 {[%emt 0:00:06]} 55. Ra2 {[%emt 0:00:18]} f4+ {[%emt 0:00:40]} 56. Ke4 {[%emt 0:00:11]} Rh1 {[%emt 0:00:01]} 57. Kf5 {[%emt 0:00:31]} Re1 {[%emt 0:01:03]} 58. Rd2 {[%emt 0:00:13]} Kd5 {[%emt 0:00:05]} 59. Ra2 {[%emt 0:00:06]} Re3 {[%emt 0:00:04]} 60. Ra5+ {[%emt 0:00:06]} c5 {[%emt 0:00:01]} 61. Ra8 {[%emt 0:00:01]} Rxd3 {[%emt 0:00:20]} 62. Rd8+ {[%emt 0:00:19]} Kc4 {[%emt 0:00:01]} 63. Re8 {[%emt 0:00:11]} Rxf3 {[%emt 0:00:24]} 64. Rxe5 {[%emt 0:00:04]} Re3 {[%emt 0:00:05]} 0-1

[Event "RUS-ch Men Rapid 2019"]
[Site "Sochi"]
[Date "2019.10.15"]
[Round "1.31"]
[White "Belyakov, Bogdan"]
[Black "Abramov, Ilya"]
[Result "1-0"]
[WhiteElo "2506"]
[BlackElo "1938"]
[Annotator "ChessBase"]
[PlyCount "75"]
[EventDate "2019.10.15"]
[EventType "swiss"]
[EventCountry "RUS"]
[SourceTitle "playchess.com"]
[Source "ChessBase"]
[SourceQuality "1"]
[TimeControl "900+10"]

1. e4 {[%emt 0:00:00]} Nf6 {[%emt 0:00:00]} 2. e5 {[%emt 0:00:00]} Nd5 {[%emt 0:00:00]} 3. d4 {[%emt 0:00:00]} d6 {[%emt 0:00:00]} 4. Nf3 {[%emt 0:00:00]} Bg4 {[%emt 0:00:03]} 5. Be2 {[%emt 0:00:03]} Nc6 {[%emt 0:00:04]} 6. exd6 {[%emt 0:02:37]} exd6 {[%emt 0:00:09]} 7. O-O {[%emt 0:00:04]} Be7 {[%emt 0:00:04]} 8. h3 {[%emt 0:00:32]} Bh5 {[%emt 0:00:35]} 9. c4 {[%emt 0:00:05]} Nb6 {[%emt 0:00:22]} 10. Nbd2 {[%emt 0:00:28]} O-O {[%emt 0:00:09]} 11. d5 {[%emt 0:00:04]} Nb8 {[%emt 0:00:32]} 12. Bd3 {[%emt 0:01:33]} N8d7 {[%emt 0:00:43]} 13. Qc2 {[%emt 0:00:03]} Bg6 {[%emt 0:00:02]} 14. Bxg6 {[%emt 0:00:02]} hxg6 {[%emt 0:00:02]} 15. Ne4 {[%emt 0:00:03]} Ne5 {[%emt 0:01:31]} 16. Nxe5 {[%emt 0:00:56]} dxe5 {[%emt 0:00:02]} 17. Rd1 {[%emt 0:00:32]} f5 {[%emt 0:02:37]} 18. Nd2 {[%emt 0:01:08]} Nd7 {[%emt 0:00:27]} 19. Nf3 {[%emt 0:00:14]} b6 {[%emt 0:01:58]} 20. a3 {[%emt 0:05:55]} a5 {[%emt 0:01:47]} 21. Bd2 {[%emt 0:00:03]} Bf6 {[%emt 0:00:37]} 22. Bc3 {[%emt 0:00:02]} Re8 {[%emt 0:01:26]} 23. d6 {[%emt 0:00:15]} c5 {[%emt 0:01:04]} 24. Qd2 {[%emt 0:00:58]} e4 {[%emt 0:00:43]} 25. Bxf6 {[%emt 0:01:02]} Qxf6 {[%emt 0:01:41]} 26. Ng5 {[%emt 0:00:11]} Qe5 {[%emt 0:00:50]} 27. g3 {[%emt 0:01:00]} e3 {[%emt 0:00:24]} 28. Qxe3 {[%emt 0:00:04]} Qxe3 {[%emt 0:00:02]} 29. fxe3 {[%emt 0:00:02]} Rxe3 {[%emt 0:00:01]} 30. Kf2 {[%emt 0:00:08]} Rb3 {[%emt 0:00:46]} 31. Rd2 {[%emt 0:00:06]} Re8 {[%emt 0:00:38]} 32. h4 {[%emt 0:00:27]} Ree3 {[%emt 0:00:08]} 33. Re1 {[%emt 0:00:13]} Rxe1 {[%emt 0:00:36]} 34. Kxe1 {[%emt 0:00:02]} Rxg3 {[%emt 0:00:02]} 35. Re2 {[%emt 0:00:02]} Rd3 {[%emt 0:00:19]} 36. Re8+ {[%emt 0:00:11]} Nf8 {[%emt 0:00:01]} 37. Rd8 {[%emt 0:00:25]} a4 {[%emt 0:00:29]} 38. Kf2 {[%emt 0:00:32]} 1-0

[Event "RUS-ch Men Rapid 2019"]
[Site "Sochi"]
[Date "2019.10.15"]
[Round "1.32"]
[White "Udovenko, Dmitry"]
[Black "Goryachkina, Aleksandra"]
[Result "0-1"]
[WhiteElo "1931"]
[BlackElo "2504"]
[Annotator "ChessBase"]
[PlyCount "62"]
[EventDate "2019.10.15"]
[EventType "swiss"]
[EventCountry "RUS"]
[SourceTitle "playchess.com"]
[Source "ChessBase"]
[SourceQuality "1"]
[TimeControl "900+10"]

1. e4 c6 2. d4 d5 3. exd5 cxd5 4. Bf4 Nc6 5. c3 Nf6 6. Bd3 Bg4 7. Qb3 Qd7 8. Nd2 e6 9. Ngf3 Bd6 10. Ne5 Qc7 11. Nxg4 Nxg4 12. Bxd6 Qxd6 13. Nf3 O-O 14. h3 Nf6 15. O-O Rab8 16. Rae1 Nd7 17. Qc2 h6 18. Qe2 Rfc8 19. Bb1 b5 20. Qd3 Nf8 21. Ne5 b4 22. f4 bxc3 23. bxc3 Ne7 24. Qf3 Nf5 25. g4 Ne7 26. f5 exf5 27. Bxf5 Nxf5 28. Qxf5 f6 29. Ng6 Nxg6 30. Qxg6 Qg3+ 31. Kh1 Rb2 0-1

[Event "RUS-ch Men Rapid 2019"]
[Site "Sochi"]
[Date "2019.10.15"]
[Round "2.1"]
[White "Truskavetsky, Alexandr"]
[Black "Ponkratov, Pavel"]
[Result "0-1"]
[WhiteElo "2398"]
[BlackElo "2674"]
[Annotator "TA"]
[PlyCount "92"]
[EventDate "2019.10.15"]
[EventType "swiss"]
[EventCountry "RUS"]
[SourceTitle "playchess.com"]
[Source "ChessBase"]
[SourceQuality "1"]

{[%evp 12,92,0,-10,-5,-17,1,-49,-36,-57,-60,-99,-92,-106,-114,-118,-114,-118,-117,-136,-56,-89,-97,-98,-84,-104,-105,-125,-127,-121,-120,-125,-123,-114,-120,-116,-112,-260,-278,-241,-102,-110,-70,-59,-57,-151,-151,-295,-289,-289,-306,-349,-341,-468,-451,-452,-332,-312,-108,-99,-99,-117,-111,-117,-116,-123,-123,-125,-107,-106,-101,-106,-100,-230,-225,-202,-204,-250,-260,-581,-538,-1104,-1046]} 1. c4 Nf6 2. Nc3 e6 3. d4 Bb4 4. e3 O-O 5. Nge2 Re8 6. a3 Bf8 7. g3 d5 {E46: Nimzo-Indian: Rubinstein: 4 e3 0-0 5 Ne2 without early Bd3} 8. Bg2 (8. cxd5 exd5 9. Bg2 a5 10. O-O Na6 11. Nf4 c6 12. f3 c5 13. Kh1 Nc7 14. g4 h6 15. Nce2 {0-1 (54) Nakamura,H (2787)-Carlsen,M (2853) chess.com INT 2016}) 8... dxc4 9. O-O c6 $146 {Black is slightly better.} ({Predecessor:} 9... Nbd7 10. Qc2 Rb8 11. Rd1 b5 12. e4 Bb7 13. Bf4 {0-1 (42) Zhu,Y (2318)-Wang,Y (2718) China 2016}) 10. a4 a5 11. e4 e5 12. dxe5 {And now Qxd8 would win.} Ng4 13. Qxd8 Rxd8 14. Bf4 Re8 $1 15. e6 Bxe6 (15... fxe6 $17 16. Rad1 e5) 16. h3 Nf6 17. Nd4 Bc8 18. g4 Na6 19. e5 Nd7 20. Nxc6 bxc6 21. Bxc6 Ra7 {Hoping for ...Nb4.} 22. Nb5 {[#]} Rb7 $1 {[%cal Rb7b6]} 23. Bxb7 Bxb7 24. Rac1 (24. Nd6 $17 Bxd6 25. exd6) 24... g5 $19 (24... Nxe5 25. Bxe5 Rxe5 26. Na3 $17) 25. Bg3 Nb6 (25... Nxe5 $19 26. Bxe5 Rxe5 27. Rxc4 Nc5) 26. Nd6 $17 Bxd6 27. exd6 Nc5 28. Rfd1 ({White should play} 28. Rfe1 $15 Re6 29. Rxe6 fxe6 30. f4) 28... Bc6 $36 {[%mdl 2048] Black is really pushing.} 29. h4 (29. d7 $17 {was necessary.} Ncxd7 30. Bc7) 29... Nd3 $19 ({Much less strong is} 29... Bxa4 30. Re1 $17) (29... Ncxa4 30. d7 $19) 30. Rc3 {If only White now had time for b3....} Nxb2 31. Rb1 N2xa4 32. Re3 Rxe3 33. fxe3 gxh4 34. Be1 c3 $2 {[#]} (34... Nd7 $19 {has better winning chances. aiming for ...Ne5.} 35. Bxa5 Nac5) 35. Bxc3 $1 $17 {[%mdl 512] [#]} Nd7 $1 (35... Nxc3 36. Rxb6) 36. Bxa5 Kg7 37. Kh2 Nac5 38. Rc1 {next Bc3+ is good for White.} Bd5 39. Kh3 Kg6 40. Kxh4 Be6 {White must now prevent ...Nb3.} 41. Rd1 Ne5 42. Bb4 {[#]} (42. Bc3 $17 {was worth a try.} Nxg4 43. Rg1) 42... Ne4 $1 $19 ({And not} 42... Bxg4 43. Rg1 $11) 43. Rf1 Nxg4 44. Rf4 f5 ({Not} 44... Nxe3 45. Rxe4 Nf5+ 46. Kh3 $11) 45. Kh3 $2 (45. Rf3) 45... Nxe3 {Threatens to win with ...Nd5.} 46. Kh2 Kg5 {Played: Ne3-d5} 0-1

[Event "RUS-ch Men Rapid 2019"]
[Site "Sochi"]
[Date "2019.10.15"]
[Round "2.2"]
[White "Bocharov, Dmitry"]
[Black "Kovalchuk, Alexey"]
[Result "0-1"]
[WhiteElo "2673"]
[BlackElo "2388"]
[Annotator "RC"]
[PlyCount "62"]
[EventDate "2019.10.15"]
[EventType "swiss"]
[EventCountry "RUS"]
[SourceTitle "playchess.com"]
[Source "ChessBase"]
[SourceQuality "1"]
[TimeControl "900+10"]

1. c4 {[%emt 0:00:00]} e6 {[%emt 0:00:17]} 2. Nf3 {[%emt 0:00:00]} d5 {[%emt 0:00:04]} 3. g3 {[%emt 0:00:19]} dxc4 {[%emt 0:00:38]} 4. Bg2 {[%emt 0:00:04]} c5 {[%emt 0:00:11]} 5. Ne5 {[%emt 0:00:46]} Nf6 {[%emt 0:00:55]} 6. Na3 {[%emt 0:00:16]} Be7 {[%emt 0:00:21]} 7. Naxc4 {[%emt 0:00:23]} O-O {[%emt 0:00:04]} 8. O-O {[%emt 0:00:03]} Nd5 {[%emt 0:00:10]} 9. d4 {[%emt 0:00:42]} f6 {[%emt 0:00:25]} 10. Nf3 {[%emt 0:00:11]} Nc6 {[%emt 0:01:22]} 11. dxc5 {[%emt 0:02:22]} Bxc5 {[%emt 0:00:03]} 12. a3 {[%emt 0:01:29]} b5 {[%emt 0:01:00]} 13. Ncd2 {[%emt 0:02:30]} Bb6 {[%emt 0:01:04]} 14. Nb3 {[%emt 0:00:18]} Bb7 {[%emt 0:01:13]} 15. e4 {[%emt 0:00:14]} Nc7 {[%emt 0:00:34]} 16. Qe2 {[%emt 0:01:02]} e5 {[%emt 0:01:56]} 17. Be3 {[%emt 0:00:10]} Bxe3 {[%emt 0:00:27]} 18. Qxe3 {[%emt 0:00:23]} Ne6 {[%emt 0:00:01]} 19. Rfd1 {[%emt 0:00:37]} Qe7 {[%emt 0:00:10]} 20. Bh3 {[%emt 0:00:28]} Rad8 {[%emt 0:00:40]} 21. Bxe6+ {[%emt 0:00:14]} Qxe6 {[%emt 0:00:01]} 22. Nc5 {[%emt 0:00:01]} Qe7 {[%emt 0:00:03]} 23. Qb3+ {[%emt 0:00:27]} Kh8 {[%emt 0:00:19]} 24. Qxb5 {[%emt 0:00:12]} Ba8 {[%emt 0:00:02]} 25. b4 {[%emt 0:00:56]} f5 {[%emt 0:00:24]} 26. Rxd8 {[%emt 0:00:20]} Rxd8 {[%emt 0:01:22]} 27. exf5 {[%emt 0:00:15]} e4 {[%emt 0:00:59]} 28. Nh4 {[%emt 0:00:40]} Nd4 {[%emt 0:00:09]} 29. Qc4 {[%emt 0:00:21]} e3 {[%emt 0:00:02]} 30. fxe3 {[%emt 0:03:01]} Qxe3+ {[%emt 0:00:12]} 31. Kf1 {[%emt 0:00:01]} Nf3 {[%emt 0:00:32]} 0-1

[Event "RUS-ch Men Rapid 2019"]
[Site "Sochi"]
[Date "2019.10.15"]
[Round "2.3"]
[White "Sadovsky, Artem"]
[Black "Tsydypov, Zhamsaran"]
[Result "1/2-1/2"]
[WhiteElo "2411"]
[BlackElo "2671"]
[Annotator "RC"]
[PlyCount "111"]
[EventDate "2019.10.15"]
[EventType "swiss"]
[EventCountry "RUS"]
[SourceTitle "playchess.com"]
[Source "ChessBase"]
[SourceQuality "1"]
[TimeControl "900+10"]

1. Nf3 {[%emt 0:00:00]} Nf6 {[%emt 0:00:16]} 2. g3 {[%emt 0:00:00]} g6 {[%emt 0:00:10]} 3. Bg2 {[%emt 0:00:03]} Bg7 {[%emt 0:00:01]} 4. O-O {[%emt 0:00:02]} O-O {[%emt 0:00:05]} 5. c4 {[%emt 0:00:07]} d6 {[%emt 0:00:04]} 6. Nc3 {[%emt 0:00:04]} Nc6 {[%emt 0:00:04]} 7. Rb1 {[%emt 0:00:09]} e5 {[%emt 0:02:05]} 8. d3 {[%emt 0:00:03]} a5 {[%emt 0:00:01]} 9. a3 {[%emt 0:00:02]} h6 {[%emt 0:00:07]} 10. b4 {[%emt 0:00:10]} axb4 {[%emt 0:00:07]} 11. axb4 {[%emt 0:00:01]} Be6 {[%emt 0:00:24]} 12. b5 {[%emt 0:00:22]} Ne7 {[%emt 0:00:01]} 13. Bb2 {[%emt 0:01:03]} c6 {[%emt 0:00:07]} 14. bxc6 {[%emt 0:01:47]} bxc6 {[%emt 0:00:02]} 15. c5 {[%emt 0:00:33]} dxc5 {[%emt 0:00:49]} 16. Nxe5 {[%emt 0:00:07]} Qc7 {[%emt 0:00:01]} 17. Nc4 {[%emt 0:01:19]} Rfd8 {[%emt 0:00:04]} 18. Qc1 {[%emt 0:01:22]} Bxc4 {[%emt 0:01:59]} 19. dxc4 {[%emt 0:00:02]} Nf5 {[%emt 0:00:04]} 20. e3 {[%emt 0:01:17]} Nd6 {[%emt 0:00:06]} 21. Ne2 {[%emt 0:02:12]} Ra4 {[%emt 0:00:05]} 22. Be5 {[%emt 0:00:08]} Nfe8 {[%emt 0:00:02]} 23. Bxg7 {[%emt 0:00:19]} Nxg7 {[%emt 0:00:02]} 24. Rd1 {[%emt 0:00:57]} Ne6 {[%emt 0:01:26]} 25. Nc3 {[%emt 0:02:48]} Rxc4 {[%emt 0:00:32]} 26. Qa3 {[%emt 0:00:21]} Nb5 {[%emt 0:00:44]} 27. Rxd8+ {[%emt 0:00:53]} Qxd8 {[%emt 0:00:03]} 28. Nxb5 {[%emt 0:00:06]} cxb5 {[%emt 0:00:02]} 29. Qa6 {[%emt 0:01:44]} Qd3 {[%emt 0:01:26]} 30. Ra1 {[%emt 0:00:12]} Ra4 {[%emt 0:00:14]} 31. Rxa4 {[%emt 0:00:27]} Qd1+ {[%emt 0:00:05]} 32. Bf1 {[%emt 0:00:01]} bxa4 {[%emt 0:00:01]} 33. Kg2 {[%emt 0:00:07]} Kg7 {[%emt 0:02:54]} 34. Bc4 {[%emt 0:00:12]} Ng5 {[%emt 0:00:32]} 35. Qb7 {[%emt 0:00:30]} Qg4 {[%emt 0:01:42]} 36. f4 {[%emt 0:00:15]} a3 {[%emt 0:00:35]} 37. Qd5 {[%emt 0:00:15]} a2 {[%emt 0:00:43]} 38. fxg5 {[%emt 0:00:19]} Qxc4 {[%emt 0:00:38]} 39. gxh6+ {[%emt 0:00:22]} Kxh6 {[%emt 0:00:26]} 40. Qxc4 {[%emt 0:00:04]} a1=Q {[%emt 0:00:03]} 41. Qxf7 {[%emt 0:00:38]} Qa8+ {[%emt 0:00:06]} 42. Qf3 {[%emt 0:00:13]} Qa2+ {[%emt 0:00:24]} 43. Kh3 {[%emt 0:00:11]} Qe6+ {[%emt 0:00:04]} 44. g4 {[%emt 0:00:08]} c4 {[%emt 0:00:03]} 45. Qf4+ {[%emt 0:00:02]} Kh7 {[%emt 0:00:05]} 46. Kg3 {[%emt 0:00:17]} Qe7 {[%emt 0:00:02]} 47. Qxc4 {[%emt 0:00:20]} Qxe3+ {[%emt 0:00:01]} 48. Kg2 {[%emt 0:00:04]} Qd2+ {[%emt 0:00:01]} 49. Kg1 {[%emt 0:00:11]} Qe3+ {[%emt 0:00:06]} 50. Kg2 {[%emt 0:00:06]} Qd2+ {[%emt 0:00:02]} 51. Kf3 {[%emt 0:00:21]} Qxh2 {[%emt 0:00:14]} 52. Qf7+ {[%emt 0:00:01]} Kh8 {[%emt 0:00:05]} 53. Qf6+ {[%emt 0:00:17]} Kh7 {[%emt 0:00:02]} 54. Qf7+ {[%emt 0:00:12]} Kh8 {[%emt 0:00:01]} 55. Qxg6 {[%emt 0:00:00]} Qf4+ {[%emt 0:00:01]} 56. Kxf4 {[%emt 0:00:01]} 1/2-1/2